Testovoje diagnostirovanije logičeskich struktur
Gespeichert in:
| Format: | Buch |
|---|---|
| Sprache: | Russisch |
| Veröffentlicht: |
Riga
Zinatne
1986
|
| Ausgabe: | 1. izd. |
| Tags: |
Keine Tags, Fügen Sie das erste Tag hinzu!
|
MARC
| LEADER | 00000nam a2200000 4500 | ||
|---|---|---|---|
| 001 | c036056 | ||
| 005 | 20250120102831.2 | ||
| 041 | 0 | |a rus | |
| 044 | |a LV | ||
| 245 | 1 | 0 | |a Testovoje diagnostirovanije logičeskich struktur |c Red. V.A. Pelipejko |
| 250 | |a 1. izd. | ||
| 264 | 1 | |a Riga |b Zinatne |c 1986 | |
| 300 | |a 262 s. | ||